<?xml version="1.0" encoding="UTF-8"?><?xml-stylesheet type="text/xsl" href="static/style.xsl"?><OAI-PMH xmlns="http://www.openarchives.org/OAI/2.0/" xmlns:xsi="http://www.w3.org/2001/XMLSchema-instance" xsi:schemaLocation="http://www.openarchives.org/OAI/2.0/ http://www.openarchives.org/OAI/2.0/OAI-PMH.xsd"><responseDate>2026-06-01T09:17:26Z</responseDate><request verb="GetRecord" identifier="oai:riuma.uma.es:10630/37589" metadataPrefix="marc">https://riuma.uma.es/rest/oai/request</request><GetRecord><record><header><identifier>oai:riuma.uma.es:10630/37589</identifier><datestamp>2026-02-03T11:26:04Z</datestamp><setSpec>com_10630_2254</setSpec><setSpec>col_10630_37953</setSpec></header><metadata><record xmlns="http://www.loc.gov/MARC21/slim" xmlns:dcterms="http://purl.org/dc/terms/" xmlns:doc="http://www.lyncode.com/xoai" xmlns:xsi="http://www.w3.org/2001/XMLSchema-instance" xsi:schemaLocation="http://www.loc.gov/MARC21/slim http://www.loc.gov/standards/marcxml/schema/MARC21slim.xsd">
   <leader>00925njm 22002777a 4500</leader>
   <datafield ind2=" " ind1=" " tag="042">
      <subfield code="a">dc</subfield>
   </datafield>
   <datafield ind2=" " ind1=" " tag="720">
      <subfield code="a">Vaccaro-Witt, Gustavo Fabian</subfield>
      <subfield code="e">author</subfield>
   </datafield>
   <datafield ind2=" " ind1=" " tag="720">
      <subfield code="a">Cabrera, Francisco Elías</subfield>
      <subfield code="e">author</subfield>
   </datafield>
   <datafield ind2=" " ind1=" " tag="720">
      <subfield code="a">Peláez-Sánchez, José Ignacio</subfield>
      <subfield code="e">author</subfield>
   </datafield>
   <datafield ind2=" " ind1=" " tag="720">
      <subfield code="a">Vargas, Luis G.</subfield>
      <subfield code="e">author</subfield>
   </datafield>
   <datafield ind2=" " ind1=" " tag="260">
      <subfield code="c">2020-06-01</subfield>
   </datafield>
   <datafield ind2=" " ind1=" " tag="520">
      <subfield code="a">El auge de las redes sociales ha transformado la forma en que se evalúa la reputación de productos, marcas y servicios. Los Índices de Reputación Online (ORIs) han sido utilizados para medir la percepción pública sobre entidades en el entorno digital. Sin embargo, estos índices tradicionales presentan limitaciones al no permitir comparaciones relativas entre alternativas, lo que dificulta la toma de decisiones estratégicas basada en preferencias de los consumidores.&#xd;
Este estudio propone un nuevo enfoque para la medición de la reputación online mediante el desarrollo del Índice Geométrico de Matriz de Comparación (CMGI). Este índice considera no solo las emociones acumuladas expresadas en redes sociales, sino también comparaciones directas e implícitas entre alternativas, permitiendo obtener una métrica cualitativa más representativa de la preferencia relativa entre opciones.</subfield>
   </datafield>
   <datafield ind1="8" ind2=" " tag="024">
      <subfield code="a">Vaccaro, G., Cabrera, F. E., Pelaez, J. I., &amp; Vargas, L. G. (2020). Comparison matrix geometric index: A qualitative online reputation metric. Applied Soft Computing, 96, 106687-. https://doi.org/10.1016/j.asoc.2020.106687</subfield>
   </datafield>
   <datafield ind1="8" ind2=" " tag="024">
      <subfield code="a">https://hdl.handle.net/10630/37589</subfield>
   </datafield>
   <datafield ind1="8" ind2=" " tag="024">
      <subfield code="a">10.1016/j.asoc.2020.106687</subfield>
   </datafield>
   <datafield tag="653" ind2=" " ind1=" ">
      <subfield code="a">Sistemas de información</subfield>
   </datafield>
   <datafield tag="653" ind2=" " ind1=" ">
      <subfield code="a">Toma de decisiones</subfield>
   </datafield>
   <datafield ind2="0" ind1="0" tag="245">
      <subfield code="a">Comparison matrix geometric index: A qualitative online reputation metric</subfield>
   </datafield>
</record>
</metadata></record></GetRecord></OAI-PMH>